Guess the country with the hint(s) - Statistics

General Stats
  • This quiz has been taken 62 times
  • The average score is 12 of 15
Answer Stats
Hint Answer % Correct
Country starting with b ending with ium Belgium
100%
Country starting with z ending with bia Zambia
94%
Country starting with y Yemen
92%
Country starting with o Oman
90%
Country starting with n ending with nds Netherlands
88%
Country starting with q Qatar
88%
Country starting with f ending with and Finland
84%
Country starting with p ending with lau Palau
82%
Country starting with r ending with nda Rwanda
82%
Country starting with taji Tajikistan
82%
Country starting with a ending with rra Andorra
80%
Country starting with m ending with mar Myanmar
80%
Country starting with e ending with ini Eswatini
66%
Country starting with c ending with rus Cyprus
62%
Country starting with s ending with cia St lucia
32%
No matching quizzes found
Score Distribution
Percent of People with Each Score
Percentile by Number Answered
Your Score History
You have not taken this quiz